The right to a jury trial in civil cases. Part 2. Identifying civil cases with a right to a jury trial /

Bibliographic Details
Main Author: Shen, Wen W. (Author)
Format: Government Document Database
Language:English
Published: [Washington, D.C.] : Congressional Research Service, 2022-
Edition:[Library of Congress public edition].
Series:Legal sidebar ; LSB10884.
Subjects:
Online Access:https://purl.fdlp.gov/GPO/gpo218828

MARC

Tag First Indicator Second Indicator Subfields
LEADER 00000nai a2200000 i 4500
001 in00004761921
006 m o d f
007 cr |||||||||||
008 231130c20229999dcu x w o f0 2eng c
005 20231213203730.7
010 |a 2023236265 
035 |a (OCoLC)on1411066711 
040 |a GPO  |b eng  |e rda  |e pn  |c GPO  |d MvI 
042 |a pcc 
043 |a n-us--- 
049 |a WWW 
074 |a 0807-A-10 (online) 
086 0 |a LC 14.25:LSB 10884/ 
100 1 |a Shen, Wen W.,  |e author. 
245 1 4 |a The right to a jury trial in civil cases.  |n Part 2.  |p Identifying civil cases with a right to a jury trial /  |c Wen W. Shen. 
246 1 |a Identifying civil cases with a right to a jury trial 
250 |a [Library of Congress public edition]. 
264 1 |a [Washington, D.C.] :  |b Congressional Research Service,  |c 2022- 
300 |a 1 online resource. 
310 |a Updated irregularly 
336 |a text  |b txt  |2 rdacontent 
337 |a computer  |2 rdamedia 
338 |a online resource  |b cr  |2 rdacarrier 
490 1 |a LSB ;  |v 10884 
500 |a The CRS web page provides access to all versions published since 2018 in accordance with P.L. 115-141. 
500 |a In scope of the U.S. Government Publishing Office Cataloging and Indexing Program (C&I) and Federal Depository Library Program (FDLP). 
500 |a GPO Cataloging Record Distribution Program (CRDP). 
588 0 |a Contents viewed Nov. 30, 2023; title from CRS web page. 
610 1 0 |a United States.  |t Constitution.  |n 7th Amendment. 
650 0 |a Jury  |z United States. 
650 0 |a Fair trial  |z United States. 
650 0 |a Trial practice  |z United States  |x Cases. 
710 2 |a Library of Congress.  |b Congressional Research Service,  |e issuing body. 
773 0 8 |i Contained in (work):  |t CRS reports (Library of Congress. Congressional Research Service)  |w (DLC) 2018231131  |w (OCoLC)1052784408 
830 0 |a Legal sidebar ;  |v LSB10884. 
856 4 0 |u https://purl.fdlp.gov/GPO/gpo218828  |t 0 
999 f f |s 60418c0c-fcba-478e-988d-4e0fca70e651  |i b059b069-55dd-4fe4-83fa-c9763e238e39  |t 0 
952 f f |a Texas A&M University  |b College Station  |c Electronic Resources  |d Available Online  |t 0  |e LC 14.25:LSB 10884/  |h Superintendent of Documents classification 
998 f f |a LC 14.25:LSB 10884/  |t 0  |l Available Online